00554cam a22001814a 4500020002800000020003500028041000800063082001300071245004700084260004200131300001800173650002400191700002200215700002200237942000700259952008900266999001700355 a0631217746 (alk. paper) a0631217754 (pbk. : alk. paper) aENG00a100bSTI04aThe Blackwell guide to philosophy of mind  aMalden, MA :bBlackwell Pub.,cc2003. axii, 417 p. ; 0aPhilosophy of mind.1 aStich, Stephen P.1 aWarfield, Ted A., cBK 00104070aHMIbHMIcGENd2019-10-09l0o100 STIp25619r2019-10-09w2019-10-09yBK c22738d22738